Folyamatos kristályosítási technológiák fejlesztése egy flow szintézissel előállított reakcióelegy direct feldolgozásához
Elmentve itt :
| Szerzők: | |
|---|---|
| Testületi szerző: | |
| Dokumentumtípus: | Könyv része |
| Megjelent: |
2020
|
| Sorozat: | Fiatal Technológusok Fóruma
3 Fiatal Technológusok Fóruma 3 |
| Kulcsszavak: | Gyógyszertechnológia - előadáskivonat |
| Tárgyszavak: | |
| doi: | 10.14232/ftf.2020.op12 |
| Online Access: | http://acta.bibl.u-szeged.hu/71171 |
| LEADER | 01174naa a2200289 i 4500 | ||
|---|---|---|---|
| 001 | acta71171 | ||
| 005 | 20230223143659.0 | ||
| 008 | 201211s2020 hu o 1|| hun d | ||
| 024 | 7 | |a 10.14232/ftf.2020.op12 |2 doi | |
| 040 | |a SZTE Egyetemi Kiadványok Repozitórium |b hun | ||
| 041 | |a hun | ||
| 100 | 1 | |a Tacsi Kornélia | |
| 245 | 1 | 0 | |a Folyamatos kristályosítási technológiák fejlesztése egy flow szintézissel előállított reakcióelegy direct feldolgozásához |h [elektronikus dokumentum] / |c Tacsi Kornélia |
| 260 | |c 2020 | ||
| 300 | |a 17 | ||
| 490 | 0 | |a Fiatal Technológusok Fóruma |v 3 | |
| 490 | 0 | |a Fiatal Technológusok Fóruma |v 3 | |
| 650 | 4 | |a Műszaki és technológiai tudományok | |
| 650 | 4 | |a Orvostechnikai műszaki tudományok | |
| 650 | 4 | |a Orvos- és egészségtudomány | |
| 650 | 4 | |a Általános orvostudomány | |
| 695 | |a Gyógyszertechnológia - előadáskivonat | ||
| 700 | 0 | 1 | |a Nagy Zsombor Kristóf |e aut |
| 700 | 0 | 1 | |a Marosi György |e aut |
| 700 | 0 | 1 | |a Pataki Hajnalka |e aut |
| 711 | |a Fiatal technológusok fóruma (3.) |c Szeged |d 2020 | ||
| 856 | 4 | 0 | |u http://acta.bibl.u-szeged.hu/71171/1/fiatal_technologusok_foruma_003_017.pdf |z Dokumentum-elérés |